Geography Quiz

Random Geography or City Quiz

I-5 Washington Quiz Stats

 Plays Quiz not verified by Sporcle

Support Sporcle.
Go Orange.
Score 0/156 Timer 12:00
0 Plays Today
County City % Correct
KingSeattle
100%
KingSeattle
100%
KingSeattle
100%
KingSeattle
100%
KingSeattle
100%
KingSeattle
100%
KingSeattle
100%
KingSeattle
100%
KingSeattle
100%
KingSeattle
100%
KingSeattle
100%
KingSeattle
100%
KingSeattle
100%
KingSeattle
100%
KingSeattle
100%
KingSeattle
100%
KingSeattle
100%
KingSeattle
100%
KingSeattle
100%
ThurstonOlympia
88.3%
ThurstonOlympia
88.3%
ThurstonOlympia
88.3%
PierceTacoma
88.3%
PierceTacoma
88.3%
PierceTacoma
88.3%
PierceTacoma
88.3%
PierceTacoma
88.3%
PierceTacoma
88.3%
ClarkVancouver
86.7%
ClarkVancouver
86.7%
ClarkVancouver
86.7%
ClarkVancouver
86.7%
ClarkVancouver
86.7%
ClarkVancouver
86.7%
ClarkVancouver
86.7%
ClarkVancouver
86.7%
ClarkVancouver
86.7%
ClarkVancouver
86.7%
ClarkVancouver
86.7%
SnohomishEverett
78.3%
SnohomishEverett
78.3%
SnohomishEverett
78.3%
SnohomishEverett
78.3%
SnohomishEverett
78.3%
SnohomishEverett
78.3%
SnohomishEverett
78.3%
WhatcomBellingham
73.3%
WhatcomBellingham
73.3%
WhatcomBellingham
73.3%
WhatcomBellingham
73.3%
WhatcomBellingham
73.3%
WhatcomBellingham
73.3%
County City % Correct
WhatcomBellingham
73.3%
WhatcomBellingham
73.3%
KingFederal Way
58.3%
KingFederal Way
58.3%
KingKent
58.3%
KingKent
58.3%
CowlitzKelso
56.7%
CowlitzKelso
56.7%
CowlitzKelso
56.7%
CowlitzKelso
56.7%
CowlitzKelso
56.7%
WhatcomBlaine
56.7%
WhatcomBlaine
56.7%
WhatcomBlaine
56.7%
LewisCentralia
55%
LewisCentralia
55%
KingSeaTac
53.3%
KingSeaTac
53.3%
SnohomishMarysville
53.3%
SnohomishMarysville
53.3%
ThurstonTumwater
51.7%
ThurstonTumwater
51.7%
ThurstonTumwater
51.7%
ThurstonTumwater
51.7%
KingShoreline
51.7%
KingShoreline
51.7%
LewisChehalis
50%
LewisChehalis
50%
LewisChehalis
50%
LewisChehalis
50%
PierceLakewood
50%
PierceLakewood
50%
PierceLakewood
50%
PierceLakewood
50%
PierceLakewood
50%
PierceLakewood
50%
PierceFife
50%
PierceFife
50%
SkagitMount Vernon
50%
SkagitMount Vernon
50%
SkagitMount Vernon
50%
SkagitMount Vernon
50%
SkagitMount Vernon
50%
KingTukwila
48.3%
KingTukwila
48.3%
KingTukwila
48.3%
KingTukwila
48.3%
KingTukwila
48.3%
KingTukwila
48.3%
ThurstonLacey
46.7%
ThurstonLacey
46.7%
ThurstonLacey
46.7%
County City % Correct
ThurstonLacey
46.7%
SnohomishLynnwood
46.7%
SkagitBurlington
45%
SkagitBurlington
45%
SkagitBurlington
45%
CowlitzWoodland
41.7%
CowlitzWoodland
41.7%
CowlitzKalama
41.7%
CowlitzKalama
41.7%
CowlitzCastle Rock
41.7%
CowlitzCastle Rock
41.7%
CowlitzCastle Rock
41.7%
SnohomishMountlake Terrace
40%
SnohomishMountlake Terrace
40%
WhatcomFerndale
40%
WhatcomFerndale
40%
WhatcomFerndale
40%
SnohomishArlington
38.3%
SnohomishArlington
38.3%
SnohomishRenton
36.7%
ClarkRidgefield
35%
ClarkRidgefield
35%
LewisNapavine
33.3%
LewisNapavine
33.3%
LewisNapavine
33.3%
LewisNapavine
33.3%
LewisNapavine
33.3%
LewisNapavine
33.3%
PierceDuPont
33.3%
PierceDuPont
33.3%
SnohomishStanwood
31.7%
SnohomishStanwood
31.7%
ThurstonNisqually
28.3%
SnohomishMukilteo
28.3%
SnohomishSilvana
20%
SnohomishSilvana
20%
CowlitzPort of Kalama
18.3%
LewisWinlock
18.3%
ThurstonAberdeen
18.3%
PierceFort Lewis
18.3%
PierceOld Nisqually
16.7%
SnohomishLynwood
16.7%
ThurstonLittlerock
15%
SnohomishPort of Everett
13.3%
SkagitAlger
11.7%
SkagitBow
11.7%
WhatcomCuster
11.7%
WhatcomBirch Bay
11.7%
SkagitSedro-Wolley
6.7%
ThurstonScott Lake
5%
SkagitLake McMurray
5%
WhatcomSouth Lake Sanish
3.3%

You're not logged in!

Compare scores with friends on all Sporcle quizzes.
OR
Log In

From the Vault

Click the Rock Stars A-Z

by qlh27

This quiz has 'a'll 'z' best rock stars.
Remove Ads.
Support Sporcle.
Get the best of Sporcle when you Go Orange. This ad-free experience offers more features, more stats, and more fun while also helping to support Sporcle. Thank you for becoming a member.

Show Comments

Extras

Created Mar 16, 2011ReportNominate
Tags:City Quiz, counties, Exit, i-5, Washington

Top Quizzes Today


Score Distribution

Your Account Isn't Verified!

In order to create a playlist on Sporcle, you need to verify the email address you used during registration. Go to your Sporcle Settings to finish the process.

Report this User

Report this user for behavior that violates our Community Guidelines.

Details: